Perspectives economiques regionales : Europe : Renforcer les systemes financiers, novembre 2007.

Une situation foncierement saine devrait permettre a l'economie europeenne de supporter sans trop de mal les turbulences financieres actuelles. Les previsions laissent neanmoins entrevoir un tassement du rythme de croissance dans presque tous les pays de la region en 2008. Les dirigeants devron...

Popoln opis

Bibliografske podrobnosti
Korporativna značnica: International Monetary Fund. European Dept
Format: Revija
Jezik:English
Izdano: Washington, D.C. : International Monetary Fund, 2007.
Serija:Regional Economic Outlook; November 2007
Online dostop:Full text available on IMF
LEADER 02207cas a2200253 a 4500
001 AALejournalIMF022121
008 230101c9999 xx r poo 0 0eng d
020 |c 20.00 USD 
020 |z 9781589066984 
022 |a 2071-4106 
040 |a BD-DhAAL  |c BD-DhAAL 
110 2 |a International Monetary Fund.  |b European Dept. 
240 1 0 |a Perspectives economiques regionales: Europe : Renforcer les systemes financiers, novembre 2007.  |l French 
245 1 0 |a Perspectives economiques regionales :   |b Europe : Renforcer les systemes financiers, novembre 2007. 
264 1 |a Washington, D.C. :  |b International Monetary Fund,  |c 2007. 
300 |a 1 online resource (85 pages) 
490 1 |a Regional Economic Outlook 
500 |a <strong>Off-Campus Access:</strong> No User ID or Password Required 
500 |a <strong>On-Campus Access:</strong> No User ID or Password Required 
506 |a Electronic access restricted to authorized BRAC University faculty, staff and students 
520 3 |a Une situation foncierement saine devrait permettre a l'economie europeenne de supporter sans trop de mal les turbulences financieres actuelles. Les previsions laissent neanmoins entrevoir un tassement du rythme de croissance dans presque tous les pays de la region en 2008. Les dirigeants devront s'attaquer resolument aux turbulences des marches financiers tout en assainissant les finances publiques et en mettant en oeuvre des reformes structurelles, notamment dans le secteur financier, afin de pallier les vulnerabilites, de relever les perspectives de croissance a moyen terme et de realiser la convergence promise dans les pays emergents d'Europe. Trois chapitres analytiques abordent les reformes visant a renforcer les systemes financiers de l'Europe afin de permettre aux pays avances de tirer parti de l'innovation sans encourir de risques excessifs, et aux pays emergents de gerer le developpement rapide du secteur financier et de renforcer encore les systemes financiers. 
538 |a Mode of access: Internet 
830 0 |a Regional Economic Outlook; November 2007 
856 4 0 |z Full text available on IMF  |u http://elibrary.imf.org/view/books/086/08527-9781589066984-fr/08527-9781589066984-fr-book.xml  |z IMF e-Library